Statistiche per Squadre con la peggiore Differenza reti in Serie B

Clicka qui per fare il quiz!

Statistiche generali

  • Questo quiz è stato fatto 8 volte
  • Il punteggio medio è 5 su 15

Statistiche sulle risposte

Differenza retiSquadra% Corretto
- 196Parma
75%
- 141Catanzaro
63%
- 96Ternana
63%
- 90Ancona
50%
- 163Avellino
50%
- 198Cosenza
50%
- 122Lucchese
38%
- 84Monza
38%
- 170Salernitana
38%
- 112Juve Stabia
25%
- 186Prato
13%
- 93Casale
0%
- 105Derthona
0%
- 150Sambenedettese
0%
- 298Taranto
0%

Distribuzione punteggi

Percentile per numero di risposta

Percentuale di utenti per punteggio

I tuoi punteggi nel tempo

Non hai fatto questo quiz